| 000 | 00551nam a2200193 a 4500 | ||
|---|---|---|---|
| 003 | PILC | ||
| 005 | 20160222082310.0 | ||
| 008 | 080205s19uu xx 00 eng d | ||
| 020 | _a0470038497 | ||
| 050 |
_aF 128.18 _b.F932 2007 |
||
| 100 | _aFord, Elise Hartman. | ||
| 245 |
_aFrommer's : _bWashington, D.C. / |
||
| 260 |
_aNew Jersey : _bWiley Publishing, Inc, _c2007. |
||
| 300 |
_a304 pages : _bcolor illustrations ; _c21 cm. |
||
| 500 | _aIncludes index. | ||
| 650 |
_aWahington (D.C.) _xGuidebooks. |
||
| 942 |
_cBK _2lcc _kFOR |
||
| 999 |
_c22965 _d22965 |
||